000 01048nam a2200349 a 4500
003 AR-BaBNM
005 20251128202928.0
008 082120s2002 ||||||||||||||000 | spa||
040 _cAR-BaBNM
100 1 _aRodríguez, Antonio Hernán
245 0 0 _aEl mundo ideal de Horacio Quiroga
_by cartas inéditas de Quiroga a Isidoro Escalera
250 _a3ª ed.
260 _aPosadas
_bMontoya
_c1985
300 _a146 p.
_bil.
650 4 _aBIOGRAFIAS
650 4 _aHISTORIA LITERARIA
650 4 _aHISTORIA CULTURAL
650 4 _aLITERATURA
651 4 _aUruguay
651 4 _aArgentina
655 _aBIOGRAFIAS
700 1 _aCeccarini, María Elena
_ecolaborador
700 1 _aTeijeiro, María Elena
_ecolaborador
700 1 _aGauto, Marta
_ecolaborador
700 1 _aSalas, Hilda
_ecolaborador
700 1 _aRoig Ocampo, Sara
_ecolaborador
700 1 _aRamírez, Rosalba
_ecolaborador
700 1 _aArntzen, Enrique
_ecolaborador
700 1 _aEtorena de Rodríguez, Rosa M.
_ecolaborador
942 _cBK
998 _cEnrique
999 _c1195
_d1195